000 00421nam a2200181Ia 4500
001 2286
005 20260306144755.0
008 260306t2014||||xx |||||||||||||| ||spa||
041 _aESP
082 _a616.855
_bP42
100 _aPeña-Casanova, Jordi
_eAUT
245 0 _aManual de logopedia
260 _c2014
300 _axi, 393 páginas :
_c24 cm.
650 _aGEN
654 _aCPS
942 _cLIB
_dJUS
_fJUS
_2ddc
_n
999 _c2286
_d2286